[Event "BCF-ch"]
[Site "Blackpool"]
[Date "1971.??.??"]
[Round "5"]
[White "Wright, Daniel"]
[Black "Cafferty, Bernard"]
[Result "1/2-1/2"]
[WhiteElo "2340"]
[BlackElo "2440"]

1.c4 Nf6 2.Nc3 e6 3.Nf3 Bb4 4.d4 b6 5.Bg5 h6 6.Bh4 Bb7 7.e3 g5 8.Bg3 Ne4
9.Qc2 Bxc3+ 10.bxc3 d6 11.Bd3 Nxg3 12.hxg3 Nd7 13.Be4 Bxe4 14.Qxe4 Ke7 15.Qd3 Qc8
16.Ke2 Qb7 17.Rh2 Nf6 18.Rhh1 Rag8 19.Rhb1 g4  1/2-1/2

[Event "HUN-ch"]
[Site "Budapest"]
[Date "1971.??.??"]
[Round "16"]
[White "Kluger, Gyula"]
[Black "Farago, Ivan"]
[Result "0-1"]
[WhiteElo "2400"]
[BlackElo "2410"]

1.d4 Nf6 2.c4 e6 3.Nc3 Bb4 4.Nf3 c5 5.d5 Ne4 6.Qd3 Qf6 7.Bd2 Bxc3 8.bxc3 Nxd2
9.Nxd2 exd5 10.Qe3+ Qe7 11.Qxe7+ Kxe7 12.cxd5 d6 13.e4 f5 14.Bd3 f4 15.g3 Rf8
16.e5 dxe5 17.Bxh7 Nd7 18.Be4 Nf6 19.Rg1 Kf7 20.f3 b6 21.Nc4 Kg8 22.Nxe5 Ba6
23.gxf4 Nxe4 24.fxe4 Rxf4 25.O-O-O Rxe4 26.Ng4 Rf8 27.h3 Kf7 28.Rge1 Rfe8
29.Rxe4 Rxe4 30.d6 Ke8 31.d7+ Kd8 32.Rd5 Re7 33.Rh5 Kxd7 34.Rh8 Kc6 35.Rg8 Bc4
36.Rc8+ Kb7 37.Rd8 Bxa2 38.Kd2 Be6 39.Kc2 a5 40.Kb2 Bxg4 41.hxg4 Kc6 42.Rg8 Kb5
43.g5 Kc4 44.g6 Re2+ 45.Kb1 Kb3 46.Kc1 Kxc3  0-1

[Event "Hoogovens-B"]
[Site "Wijk aan Zee"]
[Date "1971.??.??"]
[Round "?"]
[White "Van Scheltinga, Theo D"]
[Black "Hecht, Hans Joachim"]
[Result "0-1"]
[WhiteElo "2370"]
[BlackElo "2470"]

1.d4 Nf6 2.c4 e6 3.Nc3 Bb4 4.Nf3 b6 5.Qb3 a5 6.g3 Bb7 7.Bg2 d6 8.O-O Bxc3
9.Qxc3 Nbd7 10.Ne1 Bxg2 11.Nxg2 O-O 12.Qc2 c5 13.Rd1 Qc7 14.dxc5 bxc5 15.Bf4 Ra6
16.Qd3 Ne8 17.g4 Qb7 18.Rd2 Nb8 19.Rad1 Rb6 20.Qc3 e5 21.Bg5 Nc6 22.Ne3 f6
23.Bh4 Nd4 24.Nd5 Ra6 25.Qh3 Nc7 26.Nxc7 Qxc7 27.e3 Ne6 28.Qg2 Rb6 29.Bg3 Nd8
30.f4 Nf7 31.fxe5 fxe5 32.Qd5 Qb7 33.Qxb7 Rxb7 34.Rf1 Rfb8 35.b3 a4 36.bxa4 Ra8
37.Rd3 Rxa4 38.Rb3 Rxb3 39.axb3 Ra2 40.Rf2 Ra1+ 41.Kg2 Rb1 42.Ra2 h5 43.gxh5 Rxb3
44.Kf3 Rb4 45.Ke4 Rxc4+ 46.Kd5 Rc1 47.Ke6 Rf1 48.Bh4 Kh7 49.Ra7 Nh6 50.e4 Rf4
51.Bg5 Rxe4 52.Kxd6 Rg4 53.Bf6 e4 54.Kxc5 e3 55.Bc3 Nf5 56.Rf7 Rg5 57.Rf8 Rxh5
58.Kc4 Kg6 59.Kd3 Rxh2 60.Bxg7 Rd2+ 61.Kc3 Rd5 62.Bh8 Kg5 63.Kc4 Rd1 64.Bc3 Nd6+
65.Kb3 Ne4 66.Ba5 e2 67.Kc2 Kg4 68.Rg8+ Kf3 69.Rf8+ Kg2 70.Rg8+ Kf1 71.Rf8+ Nf2
72.Bb4 Rd4 73.Bc3 Rc4 74.Re8 Ne4 75.Rf8+ Kg2 76.Kd3 Nxc3 77.Re8 Rc7 78.Kd2 Rf7  0-1

[Event "Islington op"]
[Site "Islington"]
[Date "1972.12.15"]
[Round "1"]
[White "Morley, Andrew J"]
[Black "Byway, Paul"]
[Result "1-0"]
[WhiteElo "2088"]
[BlackElo "2152"]

1.d4 Nf6 2.c4 e6 3.Nf3 Bb4+ 4.Nc3 O-O 5.e3 c5 6.a3 Bxc3+ 7.bxc3 b6 8.Bd3 Bb7
9.O-O d6 10.Qe2 Nc6 11.Rd1 Qc7 12.e4 e5 13.Bg5 Ne8 14.Rac1 f6 15.Bh4 g6 16.Bg3 Ng7
17.d5 Na5 18.h3 Nh5 19.Bh2 Nf4 20.Bxf4 exf4 21.Nd2 Qe7 22.Re1 Qe5 23.Qg4 Bc8
24.Qh4 Ba6 25.Nf3 Qe7 26.e5 g5 27.Qh6 dxe5 28.Nxg5 fxg5 29.Rxe5 Rf6 30.Bxh7+ Qxh7
31.Qxf6 Qf7 32.Rxg5+ Kf8 33.Qd6+ Qe7 34.Rf5+ Ke8 35.Re5 Qxe5 36.Qxe5+ Kd7
37.Re1 Rd8 38.Qe7+ Kc8 39.d6  1-0

[Event "Islington op"]
[Site "Islington"]
[Date "1972.12.15"]
[Round "1"]
[White "Rothbart, Bernard M"]
[Black "Williams, Arthur H"]
[Result "0-1"]
[WhiteElo "2248"]
[BlackElo "2424"]

1.d4 Nf6 2.c4 e6 3.Nc3 Bb4 4.Nf3 b6 5.g3 Bb7 6.Bg2 O-O 7.O-O Bxc3 8.bxc3 d6
9.a4 a5 10.Qb3 Nbd7 11.Rd1 Rb8 12.Bf4 Qe7 13.Qa3 Rfe8 14.Rab1 e5 15.dxe5 dxe5
16.Qxe7 Rxe7 17.Be3 Ne4 18.Rdc1 Nec5 19.Bh3 Be4 20.Bxd7 Bxb1 21.Bc6 Bf5 22.Rd1 f6
23.Rd5 Nb7 24.Rd2 Be6 25.Nh4 Nd6 26.Bd5 Nxc4 27.Nf5 Nxd2 28.Nxe7+ Kf7 29.Nc6 Bxd5
30.Nxb8 Nc4 31.Na6 Nxe3 32.Nxc7 Bc6 33.fxe3 Ke7 34.e4 Kd6 35.Nd5 Bxd5 36.exd5 Kxd5  0-1

[Event "URS-chT Moscow"]
[Site "Moscow"]
[Date "1972.??.??"]
[Round "?"]
[White "Vilerte, Benita"]
[Black "Gasiunas, Natalia"]
[Result "0-1"]
[WhiteElo "2000"]
[BlackElo "2200"]

1.d4 e6 2.Nf3 Nf6 3.c4 Bb4+ 4.Nc3 b6 5.Bg5 Bb7 6.e3 h6 7.Bh4 Bxc3+ 8.bxc3 d6
9.Be2 Nbd7 10.O-O g5 11.Bg3 Ne4 12.Bd3 Ndf6 13.Nd2 h5 14.h3 Nxd2 15.Qxd2 h4
16.Bh2 g4 17.hxg4 Nxg4 18.f3 Nxh2 19.Kxh2 Qg5 20.Qf2 O-O-O 21.a4 Rdg8 22.Rh1 f5
23.Bf1 f4  0-1

[Event "URS-chT Moscow"]
[Site "Moscow"]
[Date "1972.??.??"]
[Round "?"]
[White "Borisenko, Georgy K"]
[Black "Vaganian, Rafael A"]
[Result "1-0"]
[WhiteElo "2435"]
[BlackElo "2510"]

1.d4 Nf6 2.c4 e6 3.Nc3 Bb4 4.Nf3 c5 5.e3 b6 6.Bd3 Bb7 7.O-O O-O 8.Na4 cxd4
9.exd4 Ne4 10.c5 bxc5 11.a3 Ba5 12.Nxc5 Nxc5 13.dxc5 Bc7 14.Re1 Nc6 15.b4 Ne7
16.Ng5 f5 17.Qh5 h6 18.Nf3 Rf6 19.Nh4 g5 20.Bb2 Qf8 21.Nf3 Ng6 22.g3 g4 23.Bxf6 Qxf6
24.Nh4 Ne5 25.Rad1 Qg5 26.Qxg5+ hxg5 27.Rxe5 Bxe5 28.Nxf5 Bf3 29.Re1 Bc3
30.Rc1 Bb2 31.Rb1 Bxa3 32.Nd4 a5 33.Nxf3 gxf3 34.Be4 Rb8 35.bxa5 Rxb1+ 36.Bxb1 Bxc5
37.Be4 g4 38.Bg6 d6 39.Bh5 e5 40.Bxg4 e4 41.Be6+ Kg7 42.Bd5 e3 43.Bxf3 exf2+
44.Kg2 Kf6  1-0

[Event "URS-chT Moscow"]
[Site "Moscow"]
[Date "1972.??.??"]
[Round "?"]
[White "Belova, Valentina M"]
[Black "Ranniku, Maaja"]
[Result "1-0"]
[WhiteElo "2285"]
[BlackElo "2335"]

1.d4 Nf6 2.c4 e6 3.Nc3 Bb4 4.Nf3 c5 5.e3 d6 6.Bd3 Nc6 7.O-O Bxc3 8.bxc3 e5
9.d5 Ne7 10.e4 Bg4 11.h3 Bd7 12.Nh4 h6 13.f4 Qa5 14.fxe5 dxe5 15.Be3 O-O-O
16.a4 Rde8 17.Qb3 b6 18.Nf3 Ng6 19.Nd2 Ref8 20.Qb2 Ne8 21.Rfb1 Kd8 22.Nb3 Qa6
23.a5 Nf4 24.axb6 Qxb6 25.Nxc5 Qg6 26.Bxf4 exf4 27.Nxd7 Kxd7 28.Rxa7+  1-0

[Event "Skopje ol (Men) prel"]
[Site "Skopje"]
[Date "1972.??.??"]
[Round "1"]
[White "Kraidman, Yair"]
[Black "McGrillen, Hugh"]
[Result "1-0"]
[WhiteElo "2455"]
[BlackElo "2200"]

1.d4 Nf6 2.c4 e6 3.Nc3 Bb4 4.Nf3 c5 5.e3 Nc6 6.Bd3 Bxc3+ 7.bxc3 d6 8.e4 e5
9.d5 Ne7 10.Nh4 h6 11.O-O g5 12.Nf5 Nxf5 13.exf5 e4 14.Bc2 Bxf5 15.f3 Bg6
16.h4 Nd7 17.f4 gxh4 18.f5 Bh7 19.f6 Bg6 20.Rb1 Rb8 21.Qg4 Nxf6 22.Qxh4 Nh5
23.Qh2 Qd7 24.Be3 Kd8 25.Bxc5 Rc8 26.Bxd6 Rxc4 27.Bb3 Rc7 28.Bd1 Ng7 29.Qe5 Rg8
30.Bxc7+ Qxc7 31.d6 Qd7 32.Ba4  1-0

[Event "Skopje ol (Men) prel"]
[Site "Skopje"]
[Date "1972.??.??"]
[Round "1"]
[White "Calderon, D."]
[Black "Zuidema, Coenraad"]
[Result "0-1"]
[WhiteElo "2200"]
[BlackElo "2430"]

1.d4 Nf6 2.c4 e6 3.Nc3 Bb4 4.Nf3 c5 5.Qc2 O-O 6.Bg5 cxd4 7.Nxd4 Nc6 8.e3 Nxd4
9.exd4 b6 10.Bd3 h6 11.Bh4 Bb7 12.O-O Be7 13.a3 d5 14.c5 bxc5 15.dxc5 Bxc5
16.Bxf6 gxf6 17.Ne2 Bd6 18.Qd2 Kg7 19.f4 Rg8 20.f5 e5 21.Rf3 Kh7 22.Rh3 Rg5
23.Rf1 e4 24.Bb1 Be5 25.Rb3 Ba6 26.Rd1 Rb8 27.Nc1 Rxb3 28.Nxb3 Qb6+ 29.Nd4 Bd3  0-1

[Event "Skopje ol (Men) prel"]
[Site "Skopje"]
[Date "1972.??.??"]
[Round "2"]
[White "Alvarez, German"]
[Black "Bachtiar, Arovah"]
[Result "0-1"]
[WhiteElo "2200"]
[BlackElo "2400"]

1.d4 Nf6 2.c4 e6 3.Nc3 Bb4 4.Nf3 b6 5.e3 Bb7 6.Be2 Bxc3+ 7.bxc3 O-O 8.O-O d6
9.a4 a5 10.Re1 Nbd7 11.Nd2 e5 12.Bf3 e4 13.Be2 Re8 14.f3 exf3 15.Bxf3 Ne4
16.Nxe4 Bxe4 17.Kh1 Qh4 18.Rf1 Nf6 19.Qe1 Qg5 20.Qe2 Re7 21.Ra2 Rae8 22.Bxe4 Nxe4
23.Rc2 Re6 24.Rf3 Rh6 25.Qe1 Ree6 26.Kg1 Qh5 27.Rh3 Qg4 28.Rxh6 Rxh6 29.Bb2 Qh5
30.h3 Rg6 31.Kh2 Rg3 32.Re2 Qf5 33.Rf2 Rxh3+ 34.gxh3 Nxf2 35.Qf1 Ng4+ 36.Kg1 Qxf1+
37.Kxf1 Nxe3+ 38.Ke2 Nxc4 39.Bc1 d5 40.Bf4 c6 41.Bc7 f6  0-1

[Event "Skopje ol (Men) prel"]
[Site "Skopje"]
[Date "1972.??.??"]
[Round "2"]
[White "Ben Larbi"]
[Black "Forintos, Gyozo V"]
[Result "0-1"]
[WhiteElo "2200"]
[BlackElo "2495"]

1.d4 Nf6 2.c4 e6 3.Nc3 Bb4 4.Nf3 c5 5.e3 b6 6.Be2 Bb7 7.O-O O-O 8.Bd2 cxd4
9.exd4 Be7 10.Bg5 h6 11.Bh4 d5 12.b3 dxc4 13.bxc4 Nc6 14.Rb1 Rc8 15.Re1 Na5
16.Ne5 Nd7 17.Bxe7 Qxe7 18.Nxd7 Qxd7 19.d5 e5 20.Rb4 Ba6 21.Qa4 Qxa4 22.Rxa4 Bxc4
23.Bxc4 Rxc4 24.Rxc4 Nxc4 25.Rd1 Nd6 26.f3 f5 27.a4 Kf7 28.Kf2 Rc8 29.Rd3 Rc5
30.Ke2 Kf6 31.h3 e4 32.fxe4 fxe4 33.Re3 Ke5 34.Kf2 a6 35.h4 Rc4 36.g4 h5  0-1

[Event "Skopje ol (Men) prel"]
[Site "Skopje"]
[Date "1972.??.??"]
[Round "3"]
[White "Takahashi, Takayoshi"]
[Black "Wade, Robert Graham"]
[Result "1-0"]
[WhiteElo "2200"]
[BlackElo "2375"]

1.d4 Nf6 2.c4 e6 3.Nc3 Bb4 4.Nf3 c5 5.e3 O-O 6.Bd3 d5 7.O-O dxc4 8.Bxc4 Nc6
9.a3 Ba5 10.Ne2 cxd4 11.Nexd4 Bd7 12.b4 Bc7 13.Bb2 Qe7 14.Qc2 Rac8 15.Rac1 a5
16.b5 Nxd4 17.Nxd4 Bd6 18.a4 Ba3 19.Qb3 Bxb2 20.Qxb2 Rfd8 21.Rfd1 b6 22.Nf3 Rc5
23.Ne5 Rdc8 24.Be2 Be8 25.Bf3 Rxc1 26.Rxc1 Qb4 27.Qb1 Rxc1+ 28.Qxc1 Qd6 29.Nc6 Bxc6
30.bxc6 Ne8 31.g3 Kf8 32.Qb1 Qb4 33.Qc2 Qc5 34.Qxh7 b5 35.axb5 Qxb5 36.Qc2 Qb6
37.Qd3 g6 38.Qa3+ Qb4 39.Qc1 Qb6 40.h4 Ke7 41.Kg2 Nc7 42.Qd2 a4 43.h5 a3
44.h6 Qb8 45.Qd7+ Kf6 46.Qd4+ e5 47.Qd6+ Kg5 48.Qxa3 Qd8 49.h7 Kh6 50.Qe7  1-0

[Event "Skopje ol (Men) prel"]
[Site "Skopje"]
[Date "1972.??.??"]
[Round "3"]
[White "Pantebre, B."]
[Black "Colon Romero, Miguel"]
[Result "0-1"]
[WhiteElo "2200"]
[BlackElo "2200"]

1.d4 Nf6 2.c4 e6 3.Nc3 Bb4 4.Nf3 Ne4 5.Qc2 f5 6.a3 Bxc3+ 7.bxc3 b6 8.Bf4 Bb7
9.Nd2 O-O 10.f3 Nxd2 11.Qxd2 d6 12.d5 e5 13.Bg3 Nd7 14.e3 Nc5 15.Rb1 Qf6
16.Be2 e4 17.O-O Rae8 18.f4 Qf7 19.Rfd1 Qd7 20.Qb2 Ba6 21.Qb4 Bb7 22.Qb2 a5
23.Rd2 Ba6 24.Rbd1 Qa4 25.Rf1 Bxc4 26.Rd4 Qb3 27.Qxb3 Bxb3 28.Bb5 Re7 29.a4 Bc2
30.Bf2 Nb3 31.Re1 Rb8 32.Rc4 Bd3 33.Rc6 Bxb5 34.axb5 a4 35.Rc4 Ra8 36.Rb4 Nc5
37.Ra1 a3 38.Ra2 Ree8 39.Be1 Nd3 40.Rb1 Ra4 41.Kf1 Rea8 42.Bd2 R8a5 43.Rb3 Nc5
44.Rb1 Nd7 45.c4 Ra7 46.Bb4 Nc5 47.Bxc5 dxc5 48.Rc1 Rb4 49.Rc3 Rb1+ 50.Kf2 Rb2+
51.Rxb2 axb2 52.Rb3 Ra2 53.Kg3 Ra3 54.Rxb2 Rxe3+ 55.Kf2 Rc3 56.Ra2 Rxc4 57.Ra8+ Kf7
58.Rc8 Rb4 59.Rxc7+ Ke8 60.Rxg7 Rxb5 61.Rg5 c4 62.Rxf5 c3 63.Ke3 Rc5 64.Re5+ Kd7
65.Rxe4 c2  0-1

[Event "Skopje ol (Men) prel"]
[Site "Skopje"]
[Date "1972.??.??"]
[Round "5"]
[White "Takahashi, Takayoshi"]
[Black "Matanovic, Aleksandar"]
[Result "0-1"]
[WhiteElo "2200"]
[BlackElo "2515"]

1.d4 Nf6 2.c4 e6 3.Nc3 Bb4 4.Nf3 b6 5.e3 Bb7 6.Bd3 c5 7.Bd2 O-O 8.a3 Bxc3
9.Bxc3 d6 10.Qc2 Nc6 11.O-O h6 12.Rfe1 Re8 13.e4 e5 14.d5 Nd4 15.Bxd4 cxd4
16.b4 Qe7 17.Qd2 Bc8 18.Nh4 Nxd5 19.cxd5 Qxh4 20.Rac1 Qe7 21.Bb5 Rf8 22.Rc2 f5
23.f3 fxe4 24.fxe4 a6 25.Bd3 b5 26.Rec1 Bd7 27.Rc7 Rf7 28.Rb7 Qd8 29.Rcc7 Rc8
30.Qc2 Rxc7 31.Rxc7 Qg5 32.Qc1 Qf6 33.Qc2 Qf4 34.Qc1 Qf2+ 35.Kh1 Kh7 36.Rc2 Qh4
37.Kg1 Rf6 38.Qd2 Be8 39.Rc1 Bg6 40.Re1 Rf8 41.g3 Qg4 42.Qe2 Qg5 43.Qc2 Rf3
44.Kg2 Bh5 45.a4 bxa4 46.Bxa6 Rc3  0-1

[Event "Hoogovens-B"]
[Site "Wijk aan Zee"]
[Date "1972.??.??"]
[Round "?"]
[White "Van Scheltinga, Theo D"]
[Black "Karaklajic, Nikola"]
[Result "1/2-1/2"]
[WhiteElo "2360"]
[BlackElo "2420"]

1.d4 Nf6 2.c4 e6 3.Nc3 Bb4 4.Nf3 c5 5.e3 O-O 6.Bd2 d5 7.a3 Bxc3 8.Bxc3 Ne4
9.Rc1 Nxc3 10.Rxc3 cxd4 11.Qxd4 Nc6 12.Qd2 dxc4 13.Qxd8 Rxd8 14.Bxc4 Bd7
15.Ke2 Na5 16.Bd3 Rac8 17.Rhc1 Rxc3 18.Rxc3 Nc6 19.Be4 Kf8 20.Nd4 Nxd4+ 21.exd4 Bb5+
22.Ke3 b6  1/2-1/2

[Event "Lublin"]
[Site "Lublin"]
[Date "1974.??.??"]
[Round "1"]
[White "Pytel, Krzysztof"]
[Black "Grabczewski, Romuald"]
[Result "1/2-1/2"]
[WhiteElo "2405"]
[BlackElo "2425"]

1.d4 Nf6 2.c4 e6 3.Nc3 Bb4 4.Nf3 c5 5.e3 O-O 6.Bd3 d5 7.O-O dxc4 8.Bxc4 Nbd7
9.Qe2 a6 10.a4 Qc7 11.Na2 b5 12.Bd3 Ba5 13.e4 c4 14.Bb1 e5 15.axb5 exd4 16.Nxd4 Bb6
17.Be3 Bxd4 18.Bxd4 axb5 19.Bc2 Bb7 20.Nb4 Rfe8 21.f3 Ne5 22.Qf2 Qe7 23.Bc3 Nc6
24.Nxc6 Bxc6 25.Qb6 Qb7 26.Qxb7 Bxb7 27.Rfd1 Bc6 28.Ra3 Nd7 29.Rd6 Rxa3 30.bxa3 Rc8
31.e5 g6 32.Bd4 Nf8 33.Kf2 Ne6 34.Be3 Be8 35.Ra6 Nc5 36.Bxc5 Rxc5 37.f4 Bd7
38.Ke3 c3 39.Rd6 Bf5 40.Bxf5 gxf5 41.Rd1 c2 42.Rc1 Rc3+ 43.Kd2 Rxa3 44.Rxc2 Rb3  1/2-1/2

[Event "FRG-ch"]
[Site "Menden"]
[Date "1974.??.??"]
[Round "?"]
[White "Kuehler, Wolfgang"]
[Black "Ostermeyer, Peter"]
[Result "0-1"]
[WhiteElo "2200"]
[BlackElo "2200"]

1.d4 Nf6 2.c4 e6 3.Nc3 Bb4 4.Nf3 Bxc3+ 5.bxc3 d6 6.Bg5 h6 7.Bh4 c5 8.Qc2 Qe7
9.e4 e5 10.Bd3 Nc6 11.d5 Nb8 12.Nd2 g5 13.Bg3 Nh5 14.Be2 Nf4 15.Bxf4 exf4
16.O-O-O Kd8 17.g3 Qf6 18.e5 Qxe5 19.Rde1 fxg3 20.Bd3 g2 21.Rhg1 Qxh2 22.Kb2 Bh3
23.Bf5 Nd7 24.Qe4 Ne5 25.Nf3 Bxf5 26.Qxf5 Qf4  0-1

[Event "Nice olm fin-B"]
[Site "Nice"]
[Date "1974.??.??"]
[Round "12"]
[White "Pytel, Krzysztof"]
[Black "Cordovil, Joao"]
[Result "1-0"]
[WhiteElo "2405"]
[BlackElo "2285"]

1.d4 Nf6 2.c4 e6 3.Nc3 Bb4 4.Nf3 O-O 5.Bg5 h6 6.Bh4 c5 7.e3 Bxc3+ 8.bxc3 d6
9.Bd3 Nbd7 10.O-O e5 11.Nd2 Qe7 12.Re1 g5 13.Bg3 e4 14.Bc2 Nb6 15.f3 d5 16.cxd5 Nbxd5
17.Nxe4 Nxe4 18.fxe4 Nxc3 19.Qd3 cxd4 20.exd4 Qb4 21.e5 Rd8 22.Qh7+ Kf8 23.Qxh6+ Ke8
24.e6 Ne2+ 25.Rxe2 Qxd4+ 26.Bf2 Qxa1+ 27.Re1 Qxe1+ 28.Bxe1 Bxe6 29.Ba4+ Bd7
30.Qh8+ Ke7 31.Qe5+  1-0

[Event "Rimavska Sobota"]
[Site "Rimavska Sobota"]
[Date "1974.??.??"]
[Round "7"]
[White "Kluger, Gyula"]
[Black "Adamski, Jan"]
[Result "0-1"]
[WhiteElo "2370"]
[BlackElo "2405"]

1.d4 Nf6 2.c4 e6 3.Nc3 Bb4 4.Nf3 c5 5.d5 Ne4 6.Qd3 Qf6 7.Bd2 Nxd2 8.Nxd2 O-O
9.Nde4 Qg6 10.O-O-O e5 11.a3 Bxc3 12.Nxc3 Qh6+ 13.Qd2 Qh4 14.e4 d6 15.g3 Qe7
16.Bd3 Na6 17.f4 Nc7 18.f5 Bd7 19.g4 f6 20.h4 a6 21.g5 b5 22.b3 Kh8 23.Rdg1 b4
24.Nb1 bxa3 25.Qa5 Nb5 26.Nd2 Nd4 27.Kb1 Qd8 28.Qxd8 Rfxd8 29.Ka2 a5 30.Rb1 Rdb8
31.Rhg1 Be8 32.Rg2 Rb7 33.Rgg1 Rab8 34.Kxa3 Rb4 35.gxf6 gxf6 36.Rg2 a4 37.Rbg1 Bf7
38.Rg7 Rf8 39.Kb2 Nxb3 40.Nxb3 Rxb3+ 41.Kc2 Rg8 42.Rxg8+ Bxg8 43.Ra1 Rb4
44.Kc3 Bf7 45.Bc2 Be8 46.h5 Kg7 47.Rg1+ Kh6 48.Rg8 Bxh5 49.Kd3 Bf3 50.Rg3 Bxe4+
51.Kxe4 Rxc4+ 52.Kd3 Rd4+ 53.Ke3 a3 54.Rh3+ Kg7 55.Rg3+ Kh6 56.Rh3+ Kg7 57.Rg3+ Kf8
58.Ke2 a2 59.Ra3 Rxd5 60.Rxa2 Rd4 61.Ra8+ Kg7 62.Ra7+ Kh6 63.Rf7 Kg5 64.Ke3 d5
65.Rg7+ Kh6 66.Rf7 Rc4 67.Bd3 Rh4 68.Rxf6+ Kg5 69.Rd6 d4+ 70.Ke2 e4 71.Bc4 Rh2+
72.Kd1 Kxf5 73.Rd5+ Kf4 74.Rxc5 Ke3 75.Re5 d3 76.Bxd3 Kxd3 77.Ke1 h5 78.Kf1 h4
79.Rg5 Rc2 80.Rd5+ Ke3 81.Rh5 Rf2+ 82.Ke1 Rg2 83.Kf1  0-1

[Event "BCF-ch"]
[Site "Morecambe"]
[Date "1975.08.07"]
[Round "4"]
[White "Littlewood, John Eric"]
[Black "Pritchett, Craig William"]
[Result "0-1"]
[WhiteElo "2340"]
[BlackElo "2390"]

1.d4 Nf6 2.c4 e6 3.Nc3 Bb4 4.Nf3 b6 5.Bg5 Bb7 6.e3 h6 7.Bh4 g5 8.Bg3 Ne4
9.Qc2 d6 10.Bd3 Bxc3+ 11.bxc3 Nxg3 12.hxg3 Nd7 13.Be4 Bxe4 14.Qxe4 Ke7 15.O-O Qg8
16.Qc6 Rc8 17.e4 Qe8 18.e5 g4 19.Nh4 dxe5 20.Rae1 Nf6 21.Qb7 e4 22.d5 Qd7
23.dxe6 Qxe6 24.f3 gxf3 25.Nxf3 Rhe8 26.Nd4 Qxc4 27.Rf5 Qxc3 28.Nc6+ Kf8
29.Ref1 e3 30.Rxf6 e2 31.Rxf7+ Kg8 32.Ne7+ Kh8 33.Rh7+ Kxh7 34.Qe4+ Kh8 35.Ng6+ Kg7  0-1

[Event "URS-ch otbor"]
[Site "Cheliabinsk"]
[Date "1975.??.??"]
[Round "?"]
[White "Borisenko, Georgy K"]
[Black "Sturua, Zurab"]
[Result "1-0"]
[WhiteElo "2430"]
[BlackElo "2200"]

1.d4 Nf6 2.c4 e6 3.Nc3 Bb4 4.Nf3 c5 5.e3 Nc6 6.Bd3 d5 7.O-O O-O 8.a3 Bxc3
9.bxc3 Qc7 10.Re1 Rd8 11.cxd5 exd5 12.Nh4 c4 13.Bc2 Ne4 14.Bb2 Qe7 15.g3 Qf6
16.f3 Ng5 17.Rf1 Bh3 18.Ng2 Qe6 19.Bc1 Bxg2 20.Kxg2 h6 21.g4 Ne7 22.h4 Nh7
23.e4 dxe4 24.fxe4 Ng6 25.h5 Ne5 26.Rf5 f6 27.Bf4 Nf7 28.Qf1 Nhg5 29.Re1 Rac8
30.Kg3 Nd6 31.e5 Nxf5+ 32.Bxf5 Qe7 33.Bxc8 Rxc8 34.Bxg5 fxg5 35.a4 Qa3 36.Re3 Qxa4
37.e6 Qc6 38.Qf7+ Kh8 39.e7 Re8 40.d5 Qd7 41.Qf8+ Kh7 42.Qf5+  1-0

[Event "URS-chT"]
[Site "Riga"]
[Date "1975.??.??"]
[Round "?"]
[White "Gorniak, Yury Yurievich"]
[Black "Zhemajitis, G."]
[Result "0-1"]
[WhiteElo "2200"]
[BlackElo "2200"]

1.d4 Nf6 2.c4 e6 3.Nc3 Bb4 4.Nf3 c5 5.e3 Bxc3+ 6.bxc3 d6 7.Bd3 Nc6 8.e4 e5
9.d5 Ne7 10.Nh4 Ng6 11.Nf5 Bxf5 12.exf5 Ne7 13.Bg5 h6 14.Bxf6 gxf6 15.Bc2 Qa5
16.Ba4+ Kf8 17.Rc1 Nxf5 18.Bd7 Ng7 19.O-O f5 20.Qc2 f4 21.g3 Qd8 22.Bh3 Qg5
23.Bg2 Rg8 24.Rb1 b6 25.a4 h5 26.a5 Rb8 27.axb6 axb6 28.Qa4 h4 29.Qa7 Qd8
30.Kh1 hxg3 31.fxg3 Nh5 32.Rb2 Ra8 33.Qb7 Rb8 34.Qa7 Rg7 35.Bf3 f5 36.Qa2 Nf6
37.Qb1 e4 38.Bd1 f3 39.Bxf3 exf3 40.Qxf5 Kg8 41.Rxf3 Nh7 42.Qe6+ Kh8 43.Rbf2 Qd7
44.Qh6 Kg8 45.Re3 Rf8 46.Rxf8+ Nxf8 47.Rf3 Ng6 48.Rf6 Qe7 49.Re6 Qf8 50.Kg1 Ne5
51.Qh5 Rh7 52.Qg5+ Kh8 53.Rf6 Nf3+ 54.Kg2 Nxg5 55.Rxf8+ Kg7 56.Rb8 Kf6 57.h4 Ne4
58.Rxb6 Rg7 59.Kf3 Ke5 60.g4 Rf7+ 61.Ke3 Rf4 62.Rb7 Rxg4 63.Re7+ Kf5 64.Rf7+ Nf6  0-1

[Event "URS-chT"]
[Site "Riga"]
[Date "1975.??.??"]
[Round "?"]
[White "Mochalov, Evgeny V"]
[Black "Shakarov, A."]
[Result "1/2-1/2"]
[WhiteElo "2200"]
[BlackElo "2200"]

1.d4 Nf6 2.c4 e6 3.Nc3 Bb4 4.Nf3 c5 5.e3 O-O 6.Be2 d5 7.O-O dxc4 8.Bxc4 Nc6
9.Qd3 a6 10.a4 cxd4 11.exd4 Be7 12.Be3 Nb4 13.Qe2 Bd7 14.Ne5 Rc8 15.Rfd1 Bc6
16.Nxc6 Rxc6 17.Bb3 Qa5 18.Bd2 Qf5 19.d5 Nbxd5 20.Nxd5 Nxd5 21.Bxd5 Qxd5
22.Bc3 Qc4 23.Qe3 Rfc8 24.Qg3 Bf8 25.h4 Qc5 26.Rd7 R6c7 27.Rd3 Qh5 28.Rad1 Qg6
29.Qf3 f6 30.Rd8 Qf7 31.R1d4 e5 32.R4d6 Rxd8 33.Rxd8 Rd7 34.Rb8 Qb3 35.a5 e4
36.Qg4 Qd1+ 37.Qxd1 Rxd1+ 38.Kh2 Kf7 39.Rxb7+ Kg6 40.Bb4 Bxb4 41.Rxb4 Ra1
42.Rxe4 Rxa5  1/2-1/2

[Event "URS-chT"]
[Site "Riga"]
[Date "1975.??.??"]
[Round "?"]
[White "Gorniak, Yury Yurievich"]
[Black "Siniavsky, A."]
[Result "1-0"]
[WhiteElo "2200"]
[BlackElo "2200"]

1.d4 Nf6 2.c4 e6 3.Nc3 Bb4 4.Nf3 c5 5.e3 O-O 6.Bd3 d5 7.O-O Nc6 8.a3 Bxc3
9.bxc3 dxc4 10.Bxc4 Qc7 11.Be2 e5 12.Qc2 Rd8 13.Bb2 h6 14.Nxe5 Nxe5 15.dxe5 Ng4
16.c4 Nxe5 17.f4 Nc6 18.Rf3 Bf5 19.Qxf5 Rd2 20.Rg3 Rxb2 21.Qf6  1-0

[Event "URS-chT"]
[Site "Riga"]
[Date "1975.??.??"]
[Round "?"]
[White "Lapienis, Donatas"]
[Black "Balashov, Yuri S"]
[Result "1/2-1/2"]
[WhiteElo "2200"]
[BlackElo "2540"]

1.d4 Nf6 2.c4 e6 3.Nc3 Bb4 4.Nf3 c5 5.e3 b6 6.Bd3 Bb7 7.O-O O-O 8.Na4 cxd4
9.exd4 Re8 10.a3 Be7 11.Re1 d6 12.b4 Nbd7 13.Nc3 Rc8 14.Bb2 a6 15.d5 e5 16.Nd2 g6
17.Nb3 Nh5 18.a4 a5 19.Ba3 axb4 20.Bxb4 Nc5 21.Bf1 Rb8 22.Nb5 Na6 23.Bc3 Nc5
24.Bb4 Na6 25.Bc3 Nc5 26.Bb4  1/2-1/2

[Event "URS-chT"]
[Site "Riga"]
[Date "1975.??.??"]
[Round "?"]
[White "Levit, Roman"]
[Black "Ilinsky, Vladimir"]
[Result "0-1"]
[WhiteElo "2200"]
[BlackElo "2200"]

1.d4 Nf6 2.c4 e6 3.Nc3 Bb4 4.Nf3 b6 5.Bg5 Bb7 6.Qc2 h6 7.Bh4 g5 8.Bg3 Ne4
9.Nd2 Bxc3 10.bxc3 Nxg3 11.hxg3 d6 12.e3 Nd7 13.Rh2 Qe7 14.Bd3 O-O-O 15.Be4 d5
16.cxd5 exd5 17.Bf3 Nf6 18.O-O-O Ne4 19.Bxe4 dxe4 20.Rdh1 Qe6 21.c4 f5 22.d5 Qg6
23.g4 c6 24.gxf5 Qxf5 25.Nxe4 Qe5 26.dxc6 Bxc6 27.Nc3 Kb8 28.Rxh6 Rxh6 29.Rxh6 Bxg2
30.Kb2 Bf1 31.Qe4 Qc5 32.Nd5 Bxc4 33.Qe5+ Kb7 34.Qe7+ Qxe7 35.Nxe7 Rf8 36.Rh2 Rf6
37.a3 Be6 38.Kc3 Kc7 39.f4 gxf4 40.exf4 Rxf4 41.Rd2 Rf3+ 42.Rd3 Rxd3+ 43.Kxd3  0-1

[Event "Vilnius zt"]
[Site "Vilnius"]
[Date "1975.??.??"]
[Round "8"]
[White "Balashov, Yuri S"]
[Black "Dvorietzky, Mark I"]
[Result "1/2-1/2"]
[WhiteElo "2540"]
[BlackElo "2495"]

1.d4 Nf6 2.c4 e6 3.Nf3 Bb4+ 4.Nc3 d5 5.cxd5 exd5 6.Bg5 h6 7.Bh4 g5 8.Bg3 Ne4
9.Nd2 c5 10.Ndxe4 dxe4 11.e3 cxd4 12.exd4 O-O 13.Bc4 Nc6 14.d5 Ne7 15.O-O Bxc3
16.bxc3 Nf5 17.d6 Bd7 18.Bd5 Bc6 19.Re1 Re8 20.Bxc6 bxc6 21.c4 Qa5 22.Rc1 Nxg3
23.hxg3 c5 24.d7 Re7 25.Qd6 Re6 26.Qd5 Rd8 27.Rxe4 Rxd7 28.Rxe6 Rxd5 29.Re8+ Kg7
30.cxd5 Qd2 31.Rxc5 Qd1+ 32.Kh2 Qh5+  1/2-1/2

[Event "Hoogovens-B"]
[Site "Wijk aan Zee"]
[Date "1975.??.??"]
[Round "10"]
[White "Sznapik, Aleksander"]
[Black "Bukic, Enver"]
[Result "0-1"]
[WhiteElo "2330"]
[BlackElo "2455"]

1.c4 Nf6 2.Nc3 e6 3.Nf3 Bb4 4.d4 b6 5.e3 Bb7 6.Bd3 O-O 7.O-O d5 8.cxd5 exd5
9.Qc2 Nbd7 10.a3 Be7 11.b4 a5 12.bxa5 Rxa5 13.Bd2 Ra8 14.a4 c5 15.dxc5 Nxc5
16.Bb5 Rc8 17.Rfd1 Nfe4 18.Rac1 Bf6 19.Nd4 Ne6 20.Nc6 Rxc6 21.Bxc6 Bxc3 22.Bxb7 Bxd2
23.Rxd2 Nxd2 24.Qxd2 d4 25.exd4 Nc5 26.Rxc5 bxc5 27.a5 Qxd4 28.Qxd4 cxd4
29.Be4 Rc8 30.Kf1 Rc5 31.a6 Ra5 32.Bd3 Kf8 33.Ke2 Ra3 34.h4 h6 35.f4 Ke7
36.g4 f6 37.g5 hxg5 38.fxg5 fxg5 39.hxg5 Kd6  0-1

[Event "Agard"]
[Site "Agard"]
[Date "1976.??.??"]
[Round "1"]
[White "Sapi, Laszlo"]
[Black "Horvath, Gyula"]
[Result "1-0"]
[WhiteElo "2395"]
[BlackElo "2280"]

1.d4 Nf6 2.c4 e6 3.Nf3 Bb4+ 4.Nc3 c5 5.e3 Nc6 6.Bd3 O-O 7.O-O cxd4 8.exd4 d5
9.Bg5 dxc4 10.Bxc4 Be7 11.Re1 Nb4 12.Ne5 Nbd5 13.Qf3 Nxc3 14.bxc3 Qc7 15.Bd3 Nd5
16.Bd2 Bd7 17.c4 Nf6 18.Qh3 Qd6 19.Rab1 Bc8 20.Bg5 g6 21.Qh4 Qd8 22.Re3 Re8
23.Rf3 Nh5 24.Nxf7 Bxg5 25.Nxg5 e5 26.Re1 exd4 27.Rxe8+ Qxe8 28.g4 h6 29.a4 Qe7
30.Rg3 hxg5  1-0

[Event "Stary Smokovec"]
[Site "Stary Smokovec"]
[Date "1976.??.??"]
[Round "2"]
[White "Kozlov, V."]
[Black "Cvetkovic, Srdjan"]
[Result "1-0"]
[WhiteElo "2445"]
[BlackElo "2390"]

1.d4 Nf6 2.c4 e6 3.Nc3 Bb4 4.Nf3 d5 5.Bg5 h6 6.Bh4 dxc4 7.Qc2 b5 8.O-O-O Bxc3
9.bxc3 Bb7 10.Ne5 Nbd7 11.f3 Qc8 12.e4 Nxe5 13.dxe5 Nd7 14.f4 O-O 15.Be2 Nc5
16.Rd4 Nd3+ 17.Bxd3 cxd3 18.Qxd3 c5 19.Rd6 Qc7 20.Bf6 Qa5 21.Re1 b4 22.Qg3 g6
23.f5 Qa3+ 24.Kd1 Qxc3 25.Qxc3 bxc3 26.fxe6 fxe6 27.Rxe6 Rae8 28.Rd6 Rf7
29.Kc2 Bc8 30.Kxc3 Be6 31.a4 Rb8 32.Red1 Rb3+  1-0